Normal view
MARC view
Entry Personal Name
001 - CONTROL NUMBER
- control field: 36900
003 - CONTROL NUMBER IDENTIFIER
- control field: dpl
005 - DATE AND TIME OF LATEST TRANSACTION
- control field: 20111214142113.0
008 - FIXED-LENGTH DATA ELEMENTS
- fixed length control field: 111214|||a|||||| | ||| d
040 ## - CATALOGING SOURCE
- Original cataloging agency: dpl
- Transcribing agency: dpl
100 ## - HEADING--PERSONAL NAME
- Personal name: Sirohi, Madhu Singh
670 ## - SOURCE DATA FOUND
- Source citation: Work cat.: (dpl): What are landfills, vermicomposting, recycling, and more.../ , 2008
670 ## - SOURCE DATA FOUND
- Source citation: Work cat.: (dpl): What are landfills, vermicomposting, recycling, and more.../ , 2008
